00693nam a2200181 a 4500008004100000020001500041050001800056100002100074245003800095260004100133300002200174350000900196650001700205650004500222995009300267999001700360952013400377120416s1984 ||||||||||||||||| || u a0471085391 aTK 7888.4 Hil aHill, Fredrick J10aDigital logic and microprocessors aNew York:bJohn Wiley and Sonsc1984 axiii, 539p. : ill a0.00 0aLOGIC DESIGN aMICROPROCESSORS--DESIGN AND CONSTRUCTION D0.00FCBU-MAIN LIBRARY (Kitwe)H1I66.30UAVAILABLEZMain Library Open Access Collection c40177d40177 00102lcc4070a001b001cMain Library Open Access Collectiond2022-11-30l0oTK 7888.4 Hilp017111r2022-11-30w2022-11-30y002